书目信息 |
| 题名: |
人力资本研究
|
|
| 作者: | 明塞尔, 著 ;张凤林 译 | |
| 分册: | ||
| 出版信息: | 北京 中国经济出版社 2001.09 |
|
| 页数: | xi, 539页 | |
| 开本: | 21cm | |
| 丛书名: | 20世纪的经济学家丛书 | |
| 单 册: | ||
| 中图分类: | F240 | |
| 科图分类: | ||
| 主题词: | 人力资本--研究 | |
| 电子资源: | ||
| ISBN: | 7-5017-5036-X | |
| 000 | 01161nam 2200289 450 | |
| 001 | 010266202109 | |
| 005 | 20051014085937.91 | |
| 010 | @a7-5017-5036-X@dCNY36.00 | |
| 100 | @a20050715d2001 km y0chiy0120 ea | |
| 101 | 1 | @achi@ceng |
| 102 | @aCN@b110000 | |
| 105 | @aa a 001yy | |
| 200 | 1 | @a人力资本研究@Aren li zi ben yan jiu@d= Studies in human capital@f(美) 雅各布·明塞尔著@F(mei)ya ge bu·ming sai er zhu@fJacob Mincer@g张凤林译@Gzhang feng lin yi@zeng |
| 210 | @a北京@c中国经济出版社@d2001.09 | |
| 215 | @axi, 539页@c图@d21cm | |
| 225 | 2 | @a20世纪的经济学家丛书@i雅各布·明塞尔论文集@v1 |
| 320 | @a有书目 (第496-497页)和索引。 | |
| 330 | @a本书是作者关人力资本理论的一部论文集,收集了作者自50年代末以来关于这一主题所发表的十几篇有代表性的论文,反映了现代人力资本理论的发展与应用过程。 | |
| 410 | 0 | @12001 @a20世纪的经济学家丛书 |
| 410 | 0 | @12001 @a雅各布·明塞尔论文集 |
| 510 | 1 | @aStudies in human capital@zeng |
| 606 | 0 | @a人力资本@x研究 |
| 690 | @aF240@v4 | |
| 701 | 1 | @a明塞尔,@Aming sai er,@bJ.@g(Mincer, Jacob),@f1920-@4著 |
| 702 | 0 | @a张凤林@Azhang feng lin@4译 |
| 801 | 0 | @aCN@bQSSK@c20051014 |
| 905 | @a10447@dF240@eM806 | |
| 人力资本研究= Studies in human capital/(美) 雅各布·明塞尔著/Jacob Mincer/张凤林译.-北京:中国经济出版社,2001.09 |
| xi, 539页:图;21cm.-(20世纪的经济学家丛书.雅各布·明塞尔论文集;1) |
| ISBN 7-5017-5036-X:CNY36.00 |
| 本书是作者关人力资本理论的一部论文集,收集了作者自50年代末以来关于这一主题所发表的十几篇有代表性的论文,反映了现代人力资本理论的发展与应用过程。 |
| ● |
| 相关链接 |
|
|
|
正题名:人力资本研究
索取号:F240/M806
 
预约/预借
| 序号 | 登录号 | 条形码 | 馆藏地/架位号 | 状态 | 备注 |
| 1 | 568328 | 205683287 | 社科库409/409社科库 79排1列5层/ [索取号:F240/M806] | 在馆 | |
| 2 | 568329 | 205683296 | 社科库409/409社科库 79排1列5层/ [索取号:F240/M806] | 在馆 | |
| 3 | 568330 | 205683303 | 社科库409/409社科库 79排1列5层/ [索取号:F240/M806] | 在馆 |